Loading...
Science - Biology | 0 | 4 | 1 | 1 | 35 | 52 | 80.50 | 0 | 3 |
Science - Chemistry | 0 | 4 | 2 | 1 | 30 | 38 | 66.00 | 0 | 3 |
Science - Physics | 0 | 3 | 1 | 0 | 25 | 50 | 59.00 | 0 | 1 |
Literature - European Literature | 0 | 1 | 0 | 0 | 10 | 86 | 86.00 | 0 | 0 |
Mythology | 0 | 1 | 0 | 0 | 10 | 42 | 42.00 | 0 | 1 |
Philosophy | 0 | 1 | 0 | 0 | 10 | 30 | 30.00 | 1 | 1 |
Social Science | 0 | 1 | 0 | 0 | 10 | 24 | 24.00 | 1 | 1 |
Fine Arts - Other Fine Arts | 0 | 1 | 0 | 0 | 10 | 88 | 88.00 | 0 | 1 |
History - World History | 0 | 1 | 0 | 0 | 10 | 66 | 66.00 | 0 | 0 |
Science - Other Science | 0 | 1 | 0 | 0 | 10 | 92 | 92.00 | 0 | 0 |
Fine Arts - Classical Music | 0 | 1 | 1 | 0 | 5 | 72 | 72.00 | 0 | 0 |
Literature - American Literature | 0 | 0 | 1 | 0 | -5 | 0.00 | 0 | 0 | |
Religion | 0 | 0 | 1 | 0 | -5 | 0.00 | 0 | 0 |